Normal view
MARC view
Entry Topical Term
001 - CONTROL NUMBER
- control field: 7302
003 - CONTROL NUMBER IDENTIFIER
- control field: BD-RjUL
005 - DATE AND TIME OF LATEST TRANSACTION
- control field: 20230410094704.0
008 - FIXED-LENGTH DATA ELEMENTS
- fixed length control field: 230410|| aca||aabn | a|a d
040 ## - CATALOGING SOURCE
- Original cataloging agency: BD-RjUL
- Transcribing agency: BD-RjUL
150 ## - HEADING--TOPICAL TERM
- Topical term or geographic name entry element: Urdu Literature
- Form subdivision: histry and criticism
670 ## - SOURCE DATA FOUND
- Source citation: Work cat.: (BD-RjUL)81335: by Wazir Agha /// by آغا, وزیر 7301, اردو ادب میں طنز و مزاح urdu min tanaj wa mijah /, 1966